Top 5 MLB Players at Each Position 2025 - Statistics

General Stats
  • This quiz has been taken 146 times
  • The average score is 40 of 50
Answer Stats
Team Hint Answer % Correct
LAD C Will Smith
99%
SEA C Cal Raleigh
98%
TOR C Alejandro Kirk
97%
NYM 1B Pete Alonso
95%
TOR 1B Vlad Guerrero Jr.
95%
ATL 1B Matt Olson
94%
NYY RF Aaron Judge
92%
CLE 3B Jose Ramirez
91%
MIL C William Contreras
90%
KCR SS Bobby Witt Jr.
89%
ARI 2B Ketel Marte
89%
LAD DH Shohei Ohtani
89%
SDP 3B Manny Machado
88%
NYY LF Cody Bellinger
87%
TEX SS Corey Seager
87%
NYM RF Juan Soto
87%
PHI DH Kyle Schwarber
87%
ATH 1B Nick Kurtz
87%
PIT SP Paul Skenes
87%
DET SP Tarik Skubal
87%
CHC CF Pete Crow-Armstrong
86%
NYM SS Francisco Lindor
85%
SDP RF Fernando Tatis Jr.
84%
SEA CF Julio Rodriguez
83%
ATL RF Ronald Acuna Jr.
83%
SEA 3B Eugenio Suarez
81%
BOS SP Garrett Crochet
81%
NYY 2B Jazz Chisholm Jr.
81%
MIL 2B Brice Turang
78%
TBR 3B Junior Caminero
78%
MIN CF Byron Buxton
77%
KCR 3B Maikel Garcia
77%
TOR DH George Springer
76%
CHC 2B Nico Hoerner
75%
DET LF Riley Greene
75%
HOU SP Hunter Brown
74%
HOU SS Jeremy Pena
73%
PHI SP Cristopher Sanchez
72%
SFG DH Rafael Devers
72%
SEA 2B Jorge Polanco
71%
ARI SS Geraldo Perdomo
70%
CHC 1B Michael Busch
70%
DET C Dillon Dingler
69%
ATL CF Michael Harris II
68%
MIA LF Kyle Stowers
66%
ARI RF Corbin Caroll
65%
NYY CF Trent Grisham
64%
CHC DH Kyle Tucker
63%
TEX LF Wyatt Langford
60%
ATH LF Tyler Soderstrom
48%
No matching quizzes found
Score Distribution
Percent of People with Each Score
Percentile by Number Answered
Your Score History
You have not taken this quiz